000
00297nam a2200109Ia 4500
008
190914s9999||||xx |||||||||||||| ||und||
100
_a
Captain Usman Ali Isani
245
0
_a
Pakistan Main Aala Talim : Mazi, Haal aur Mustakbil
260
_a
Karachi
_b
Prince Book
_c
2004
300
_a
597
942
_c
BK
999
_c
9660
_d
9660